Statistiques concernant Les mécanismes de défense en psychologie

Cliquez ici pour prendre le quiz!

Statistiques générales

  • Ce quiz a été pris 46 fois
  • Le résultat moyen est 2 sur 9

Statistiques - réponses

Hint Answer % Correct
Refus d'accepter la véritable nature d'une réalitéDéni
98%
Retour, en période de stress, à une forme de comportement immatureRégression
27%
Attribuer à autrui ses pulsions inacceptablesProjection
24%
Maintien des idées anxiogènes hors du champ de conscienceRefoulement
24%
Canalisation des pulsions vers des efforts bien vus et acceptés par la sociétéSublimation
17%
Transfert d'idées et de pulsions menaçantes inopportunes vers des sources moins menaçantesDéplacement
12%
Utilisation de justifications cohérentes ou logiques pour un comportement inacceptableRationalisation
10%
Manifestation de comportements opposés aux pulsions véritables dans le but de refouler les pulsionsFormation réactionnelle
2%
Ignorer des émotions troublantes en se concentrant sur des idées abstraitesIntellectualisation
2%

Distribution des résultats

Percentile par nombre de réponses

% des personnes avec chaque résultat

Votre développement - résultats

Vous n’avez pas pris ce quiz